Word Ladder: Words Within Words Quiz Stats

Quiz Updated Sep 8, 2017

Challenge
Share
Tweet
Embed
Score 0/20 Timer 02:00
2 Plays Today
4-Letter Word Clue / Long Word Clue 4-Letter Word % Correct
South American ancient civilization / Come back in a new formINCA
88.8%
Annoying pain / 1960's ABC sitcomITCH
82.8%
A small distance / Most important partINCH
78.1%
Engrave / Arrow makerETCH
73.9%
Untanned / SkeweredPALE
70.1%
18th Century German composer / Japanese stoveBACH
68.1%
Apiece / Head of the Irish governmentEACH
63.6%
Funeral cloth / TerriblePALL
63.5%
Natural satellite / Holidaying newlywedsMOON
63.1%
Massive consumerist building / Quacking birdMALL
62%
4-Letter Word Clue / Long Word Clue 4-Letter Word % Correct
Type of vinegar / A person from Valletta or BirkirkaraMALT
56.8%
Drop feathers / Young salmonMOLT
54.4%
Bottom of a triangle / Made less valuableBASE
53.6%
Irrelevant / Silk-likeMOOT
49.5%
Welsh footballer Gareth / Medieval ranged weaponBALE
48.7%
Whack / Red-facedBASH
48.6%
Watery defense / A substance which cells move towardsMOAT
47.7%
Element 10 / Relating to newbornsNEON
45.8%
Swiss city just outside of Geneva / It's Grand, in ArizonaNYON
43.7%
River in Hampshire, UK / Any personMEON
43.6%

Today's Daily Dose

Missing Word
NPR Programs

Quick Pick
1991 Events

On This Day
June 18th II

You're not logged in!

Compare scores with friends on all Sporcle quizzes.
Join for Free
OR
Log In

You Might Also Like...

Show Comments

Extras

Top Quizzes Today


Score Distribution

Your Account Isn't Verified!

In order to create a playlist on Sporcle, you need to verify the email address you used during registration. Go to your Sporcle Settings to finish the process.

Report this User

Report this user for behavior that violates our Community Guidelines.

Details: